000 01494namaa22003251i 4500
005 20260407125116.0
008 260407s1995 ua a|||frm||| 000 0 eng d
040 _aEG-GICUC
_beng
_cEG-GICUC
_dEG-GICUC
_erda
041 0 _aeng
_beng
_bara
049 _aDeposit
097 _aM.Sc
099 _aCai01.11.14.M.Sc.1995.Me.E
100 0 _aHesham Mohamed Tawfeek,
_epreparation.
245 1 0 _aEndorectal "pull-Through" Without Preliminary Colostomy, Curative Surgery of Hirschsprungs Disease Before three Months of Age /
_cBy Hesham Mohamed Tawfeek ; Supervised Prof. Dr. Nabhan M. T. Kaddah, Dr. Nabil M. Desouky, Dr. Ali Hassan Hassib
246 1 5 _aعملية الجذب من خلال المستقيم بدون فتحة شرج جانبية للأطفال قبل سن ثلاثة شهور
264 0 _c1995.
300 _a109 Leaves
_billustrations
_c30 cm. +
336 _2rda content
_atext
337 _2rdamedia
_aUnmediated
338 _2rdacarrier
_avolume
502 _aThesis (M.Sc.)-Cairo University, 1995
504 _aBibliography: pages 101-109
653 0 _apull-Through" Without Preliminary Colostomy, Curative Surgery
700 0 _aNabhan M. T. Kaddah
_ethesis advisor.
700 0 _aNabil M. Desouky
_ethesis advisor.
700 0 _aAli Hassan Hassib
_ethesis advisor.
900 _DDepartment of General Surgery
_FFaculty of Medicine
_UCairo University
_b1995
_cNabhan M. T. Kaddah
_cNabil M. Desouky
_cAli Hassan Hassib
905 _aNehad
942 _2ddc
_cTH
_e21
_n0
999 _c179270